Forest revenue systems in developing countries : Their role in income generation and forest management strategies

Bibliographic Details
Main Author: GRAY
Corporate Author: Food and Agriculture Organization of the United Nations (FAO)
Format: Book
Published: Rome : Food and Agriculture Organization of the United Nations , 1983
Series:FAO forestry paper ; 43
Subjects:

MARC

LEADER 00000cam a2200000 7i4500
001 0000000966
005 20131129.0
020 0 0 |a 9251013403 
090 0 0 |a R630   |b GRA 1983 
100 1 0 |a GRAY   |h John W. 
245 1 0 |a Forest revenue systems in developing countries :   |b Their role in income generation and forest management strategies   |c John W. Gray 
260 0 0 |a Rome :   |b Food and Agriculture Organization of the United Nations ,   |c 1983 
300 |a xxii, 261 p. :   |b ill. ;   |c 30 cm. 
440 0 0 |a FAO forestry paper ; 43 
500 0 0 |a Bibliography: [p.269-255] 
650 0 0 |a Forests and forestry   |x Economic aspects 
710 1 1 |a Food and Agriculture Organization of the United Nations (FAO) 
998 |a JPSM 
999 |a 0000001969   |b Monograph   |c Food and Agriculture Organization   |e Default branch